MDQL
is popping MORE tags! Check the
thread
!
Quizzes
Events
Quiz Creation
Community
Videos
Private Events
Remove Ads
Sign In
Join for FREE
Feedback
Dark Mode
Quiz Categories
Sports
Geography
Music
Movies
Television
Just For Fun
Miscellaneous
History
Literature
Language
Science
Gaming
Entertainment
Religion
Holiday
For Kids
Quiz Lab
Recent
Popular Today
Quiz Kudos Today
Editor Picks
Curator Picks
Quizzes by...
Day
Popularity
Type
Ratings
Length
Year
Community
Subscriptions
Recent Discussions
Orange Saloon
Badges
Playlists
Quests
Create
Leaderboards
Showdown
Live 5
Trivia Bingo
Activity
Puzzle Library
Sporcle Events
Private Events
Virtual Trivia
Globe League
Become a Host
Pub Owners
SporcleCon
Opinionation
Our Games
Videos
Blog
Mobile Apps
Partnerships
Remove Ads and Go Orange
Feedback
Miscellaneous
Crossword
General Knowledge
Baby Names
Logo
Food
Cars
Numbers
Grab Bag
University
College
Popular
Company
Slogans
Restaurants
Justice
Letter
Miscellaneous
Crossword
General Knowledge
Baby Names
Logo
Food
Cars
Numbers
Grab Bag
University
College
Popular
Company
Slogans
Restaurants
Justice
Letter
Random Quiz
Search Sporcle
×
Curator Pick
Curator Pick
Miscellaneous
Letter
Type in answers that appear in a list
Type in answers that appear in a list
Classic
Best Score? Go Orange.
Four Letter T Mystery Stats
Can you name the mystery answer for each four letter group?
By
sambell1550
7m
30 Questions
21 Plays
21 Plays
21 Plays
Comments
Comments
Give Quiz Kudos
Give Quiz Kudos
-
- Ratings
hide this ad
Forced Order
Answers have to be entered in order
Answers have to be entered in order
Replay
Link that replays current quiz
Next Quiz
Link to next quiz in quiz playlist
You Got
0%
They Got
Avg Score
63%
Avg Friend Score
Upgrade to see
Score Distribution
Jump to the score distribution portion of the page
Score
0/30
Timer
07:00
0
Plays Today
Clue
Answer
% Correct
TUNG
Tungsten
85.7%
THOR
Thorium
81%
TACT
Protactinium
76.2%
TEIN
Einsteinium
76.2%
THAL
Thallium
76.2%
TITA
Titanium
76.2%
TTRI
Yttrium
76.2%
TASS
Potassium
71.4%
TELL
Tellurium
71.4%
TGEN
Roentgenium
71.4%
THUL
Thulium
71.4%
TIMO
Antimony
71.4%
TINE
Astatine
71.4%
TTER
Ytterbium
71.4%
TANI
Titanium
66.7%
Clue
Answer
% Correct
TECH
Technetium
66.7%
TROG
Nitrogen
66.7%
TALU
Tantalum
61.9%
TADT
Darmstadtium
57.1%
TANT
Tantalum
57.1%
TETI
Lutetium
57.1%
TATI
Astatine
52.4%
TNER
Meitnerium
52.4%
THEN
Ruthenium
47.6%
TINU
Platinum
47.6%
TONI
Plutonium
47.6%
TUNI
Neptunium
47.6%
THAN
Lanthanum
38.1%
THER
Rutherfordium
38.1%
TRON
Strontium
38.1%
Quiz Playlist
Details
Report
Send in Message
Add To Playlist
Classic:
Type in answers that appear in a list
Forced Order:
Answers have to be entered in order
Last Updated: Feb 16, 2017
Curator Pick in
Letter
Quiz Scoreboard
CHALLENGE
Sign Up to Join the Scoreboard
Show All
Scores
Hide
Comments
May contain spoilers
Recently Published
Find the 'City' Movie
by crazypaving
Movies
60s
5x2 Blitz: Bands
by SL_Kpop136
Music
30s
Colored Red Africa Blitz
by spor1
Geography
30s
More to Explore
Quiz From the Vault
Featured Blog Post
14 Easter Pick-up Lines to Find Eggs With
hide this ad
You Might Also Like...
Tags
Letter Quiz
four
group
Mystery
Today's Top Quizzes in Miscellaneous
Browse Miscellaneous
hide this ad
Today's Top Quizzes in Letter
Browse Letter
Top Contributed Quizzes in Miscellaneous
1
5-to-1: Fast Food
2
The JOE quick-fire general knowledge quiz: Day 174
3
9x9 Crossword: Disney Movie Titles
4
9x9 Crossword: Charlie and the Chocolate Factory
5
9x9 Crossword: Pixar Movie Titles
6
9x9 Crossword: Flags
7
9x9 Crossword: 2022 Movies
8
9x9 Crossword: Nickelodeon
9
9x9 Crossword: Actors
10
9x9 Crossword: Halloween
Explore More
Trending Topics
NBA
Anime
Crossword
Marvel
Disney
Kpop
Harry Potter
Puzzle
Pokémon
NFL
WWE
Soccer
The Office
Song
Country
hide this ad
More By:
sambell1550
Quiz
Plays
Rating
Category
Featured
Created
MLB Team by 1990 Opening Day Lineup
2,180
4.80
Sports
May 11, 2015
MLB Team by 1970 Opening Day Lineup
762
4.90
Sports
May 11, 2015
MLB Team by 2010 Opening Day Lineup
691
4.69
Sports
May 19, 2015
Canadian Argument
462
4.36
Just For Fun
Aug 5, 2016
MLB Team by 1980 Opening Day Lineup
397
4.67
Sports
May 19, 2015
Go to Creator's Profile
Score Distribution
Quiz Creator Spotlight
sambell1550
Follow
Send a Message
Quizzes Created
-
Created Quiz Play Count
-
More By This Creator
Popular Quizzes Today
1
Colored Red Africa Blitz
2
Find the US States - No Outlines Minefield
3
Find the 'City' Movie
4
5x2 Blitz: Bands
5
The Countries of the World
6
Find the US States
7
US States
8
9x9 Crossword: Cartoon Network
More Miscellaneous Quizzes
Pick 6: Fruits
Published
Trending Quizzes
Colored Red Europe Blitz I
Colored Red Europe Blitz II
Colored Red Africa Blitz II
Colored Red Africa Blitz III
Colored Red Europe Blitz III
Recently Updated
Godzilla Movies
pecheneg
Grab Bag: 4-10 Letters
pecheneg
2024 March Madness Bracket
pecheneg
Famous TV Couples
Peacemaker
Champions League XIs: Real Madrid
pecheneg
Largest US Cities 1790-2010
pecheneg
Rides in Walt Disney World
pecheneg
Most Oscar Losses (Acting)
pecheneg
Beyoncé Albums
pecheneg
Leaping Animals
pecheneg
Trending Topics
Kpop
NBA
Anime
Disney
Marvel
Crossword
Harry Potter
Puzzle
The Office
Country
WWE
Soccer
Song
NFL
Pokémon
Your Account Isn't Verified!
In order to create a playlist on Sporcle, you need to verify the email address you used during registration. Go to your
Sporcle Settings
to finish the process.
Report this User
Report this user for behavior that violates our
Community Guidelines
.
Details:
Send Report
Go to the Sporcle.com Mobile Site →
Comments